Normal view
MARC view
Entry Personal Name
001 - CONTROL NUMBER
- control field: 20668
003 - CONTROL NUMBER IDENTIFIER
- control field: OSt
005 - DATE AND TIME OF LATEST TRANSACTION
- control field: 20230226202121.0
008 - FIXED-LENGTH DATA ELEMENTS
- fixed length control field: 230226|| aca||aabn | a|a d
040 ## - CATALOGING SOURCE
- Original cataloging agency: OSt
- Transcribing agency: OSt
100 ## - HEADING--PERSONAL NAME
- Personal name: ၸိူဝ်ႉလၢၼ်ႉၸဝ်ႈ
670 ## - SOURCE DATA FOUND
- Source citation: Work cat.: (OSt): ၸိူဝ်ႉလၢၼ်ႉၸဝ်ႈ, ပိုၼ်းတႆးမိူဝ်ႈမိုၼ်ႉၵွၼ်ႇ, 1998